Orientaciones éticas y religiosas de jóvenes que participan en la pastoral universitaria de la parroquia de San Pedro = Ethical and religious orientations of young people from the pastoral universitaria of San Pedro's parish /
Se presentan los resultados de un estudio cuyo objetivo fue investigar algunas de las orientaciones éticas de jóvenes pertenecientes a la Pastoral Universitaria de la Parroquia de San Pedro. Los datos presentados indican que, aunque las tendencias éticas y religiosas del grupo estudiado estarían de...
Guardado en:
| Autor principal: | |
|---|---|
| Formato: | Texto |
| Materias: | |
| Etiquetas: |
Agregar Etiqueta
Sin Etiquetas, Sea el primero en etiquetar este registro!
|
MARC
| LEADER | 00000 a a2200000 04500 | ||
|---|---|---|---|
| 001 | 45077 | ||
| 003 | |||
| 040 | |||
| 100 | |a Ulloa Brenes, Gilbert | ||
| 245 | |a Orientaciones éticas y religiosas de jóvenes que participan en la pastoral universitaria de la parroquia de San Pedro = |b Ethical and religious orientations of young people from the pastoral universitaria of San Pedro's parish / |c Gilbert Ulloa Brenes | ||
| 500 | |a gilbertodalier@gmail.com | ||
| 520 | |a Se presentan los resultados de un estudio cuyo objetivo fue investigar algunas de las orientaciones éticas de jóvenes pertenecientes a la Pastoral Universitaria de la Parroquia de San Pedro. Los datos presentados indican que, aunque las tendencias éticas y religiosas del grupo estudiado estarían de acuerdo con la normativa institucional, también se presentan algunas contradicciones y se evidencian ciertas características subculturales. | ||
| 590 | |a KSR/AGOSTO2013 | ||
| 650 | |a JOVENES | ||
| 650 | |a ETICA | ||
| 650 | |a RELIGION | ||
| 650 | |a IGLESIA CATOLICA | ||
| 650 | |a SUBCULTURA | ||
| 650 | |a COSTA RICA | ||
| 773 | |g volumen92, número1 (2013), páginas 109-121: tablas, gráficos | ||
| 999 | |c 24251 |d 24251 | ||
